| 000 | 00564nam a22002057a 4500 | ||
|---|---|---|---|
| 005 | 20170124110249.0 | ||
| 010 | _a510967 | ||
| 020 | _c00.00 | ||
| 035 | _a510967 | ||
| 037 | _bCen Lib/Ret | ||
| 040 |
_aDPL _bEN |
||
| 082 |
_a030 _bBRI |
||
| 110 |
_aEncyclopedia Britannica _997773 |
||
| 245 |
_aBtannica junior encyclopedia : _bfor boys and girls / |
||
| 260 |
_bWilliam Benton _aChicago _c1964 |
||
| 270 | _bChicago | ||
| 300 |
_a246p. : _c23cm(Hb) _bill. |
||
| 650 |
_aEncyclopedia Britannica _997773 |
||
| 942 |
_2ddc _cEN _h030 _mBRI |
||
| 999 |
_c135741 _d135741 |
||